书目信息 |
| 题名: |
图说建筑智能化系统
|
|
| 作者: | 张新房 编著 | |
| 分册: | ||
| 出版信息: | 北京 中国电力出版社 2009.8 |
|
| 页数: | 11,518页 | |
| 开本: | 23cm | |
| 丛书名: | ||
| 单 册: | ||
| 中图分类: | TU243 | |
| 科图分类: | ||
| 主题词: | 智能建筑--自动化系统--图解 , 智能建筑 , 自动化系统 | |
| 电子资源: | ||
| ISBN: | 978-7-5083-8877-9 | |
| 000 | 01040nam0 2200265 450 | |
| 001 | 0400004771 | |
| 005 | 20171025081732.0 | |
| 010 | @a978-7-5083-8877-9@dCNY55.00 | |
| 100 | @a20091027e20162009em y0chiy50 ea | |
| 101 | 0 | @achi |
| 102 | @aCN@b110000 | |
| 105 | @aa z 000yy | |
| 106 | @ar | |
| 200 | 1 | @a图说建筑智能化系统@9tu shuo jian zhu zhi neng hua xi tong@dBuilding intelligent systems@f张新房编著@zeng |
| 210 | @a北京@c中国电力出版社@d2009.8@h2016.12 | |
| 215 | @a11,518页@c图@d23cm | |
| 330 | @a本书内容包括:闭路监控电视系统、防盗报警系统、门禁系统、电子巡更系统、停车场管理系统、楼宇对讲系统、智能家居系统、公共广播系统、LED显示系统、等离子拼接屏显示系统、DLP拼接显示系统、楼宇自动化系统、防雷与接地系统、弱电管道系统和机房管理系统。 | |
| 510 | 1 | @aBuilding intelligent systems@zeng |
| 606 | 0 | @a智能建筑@x自动化系统@j图解 |
| 606 | 0 | @a智能建筑 |
| 606 | 0 | @a自动化系统 |
| 690 | @aTU243@v4 | |
| 701 | 0 | @a张新房@9zhang xin fang@f(1976~)@4编著 |
| 801 | 0 | @aCN@b91MARC@c20171025 |
| 905 | @b1039260-4@dTU243@f5@e1338 | |
| 图说建筑智能化系统=Building intelligent systems/张新房编著.-北京:中国电力出版社,2009.8(2016.12) |
| 11,518页:图;23cm |
| ISBN 978-7-5083-8877-9:CNY55.00 |
| 本书内容包括:闭路监控电视系统、防盗报警系统、门禁系统、电子巡更系统、停车场管理系统、楼宇对讲系统、智能家居系统、公共广播系统、LED显示系统、等离子拼接屏显示系统、DLP拼接显示系统、楼宇自动化系统、防雷与接地系统、弱电管道系统和机房管理系统。 |
| ● |
| 相关链接 |
|
|
|
|
正题名:图说建筑智能化系统
索取号:TU243/1338
 
预约/预借
| 序号 | 登录号 | 条形码 | 馆藏地/架位号 | 状态 | 备注 |
| 1 | 1039260 | 210392608 | 第二样本阅览室/ [索取号:TU243/1338] | 在馆 | |
| 2 | 1039261 | 210392617 | 密集书库-生命科学系/ [索取号:TU243/1338] | 在馆 | |
| 3 | 1039262 | 210392626 | 第三借阅区/ [索取号:TU243/1338] | 在馆 | |
| 4 | 1039263 | 210392635 | 第三借阅区/ [索取号:TU243/1338] | 在馆 | |
| 5 | 1039264 | 210392644 | 第三借阅区/ [索取号:TU243/1338] | 在馆 |